000 01185nam a22002657a 4500
005 20250225073424.0
008 250225b ||||| |||| 00| 0 eng d
020 _a9780375424472
040 _aCO-BoUCM
_cDavid Moreno
_dDavid Moreno
041 _aeng
060 _aQS 124
100 1 _aShubin, Neil
_9184825
245 1 0 _aYour inner fish
_ba journey into the 3.5-billion-year history of the human body
_cNeil Shubin
250 _a1a.Ed
260 _aNew York
_bPantheon Books
_c2008
300 _a229 Paginas
_bilustraciones, mapas
504 _aIncluye referencias bibliográficas e índices
505 _rFinding your inner fish -- Getting a grip -- Handy genes -- Teeth everywhere -- Getting ahead -- The best-laid (body) plans -- Adventures in bodybuilding -- Making scents -- Vision -- Ears -- The meaning of it all -- Epilogue
650 1 4 _aAnatomía humana
_vObras populares
_9184826
650 1 4 _aEvolución humana
_vObras populares
_9184827
650 1 4 _aAnatomía comparativa
_vObras populares
_9184828
650 1 4 _aFilogenia
_vObras populares
_9184829
650 1 4 _aEvolución
_vObras populares
_9184830
942 _2NLM
_a26
_cLIBRO
_e1
_hQS 124
_mS562y
_n0
999 _c325290
_d325290